LEADER 01356nam a2200289 i 4500 001 000000156526 003 CaOOAMICUS 005 20061206000000.0 008 061206s2006 it u000 u ita u 013 $a133881 020 $a88-343-1321-6 040 $aSeMil$bita 100 1 $aFumagalli Carulli, Ombretta <1944- >.$0(OLS)http://semarc/name/16090 245 12$aA Cesare ciò che è di Cesare, a Dio ciò che è di Dio :$blaicità dello Stato e libertà delle Chiese /$cOmbretta Fumagalli Carulli. 260 $aMilano :$bVita e Pensiero,$c2006. 300 $aX, 157 p. ;$c22 cm. 490 0 $aV&P Università. Diritto. Ricerche 500 $aContiene : Bibliografia. 650 4$aLibertà e Chiesa.$0(OLS)http://semarc/subject/21490 650 4$aStato - Laicità.$0(OLS)http://semarc/subject/22120 830 0$aUniversità. Diritto. Ricerche [V&P].$0(OLS)http://semarc/title/10086 850 $aSeMil 852 $aSeMil$W1$xVenegono$y1$m3L III 109$j108289$B108289$CSeMilBibl$Z2$F121173 $81 961 $aOmaggio: Braschi don Francesco 996 $6020$a88-343-1321-6$9(OLS)http://semarc/number/146693 996 $6245$aA Cesare ciò che è di Cesare, a Dio ciò che è di Dio :$blaicità dello Stato e libertà delle Chiese$9(OLS)http://semarc/title/229435 996 $6260$aMilano :$bVita e Pensiero$9(OLS)http://semarc/publisher/29642 LEADER 00817nam a2200229 4500 001 000000349431 003 CaOOAMICUS 005 20220221113207.0 008 220209s2004 it a 000 u ita r 040 $aSeMil$bita 245 00$a1 /$cLush Gjergji. 264 1$aGorle :$bVelar,$cstampa 2004. 300 $a128 p. :$bill. ;$c31 cm 541 0 $aOmaggio card. Angelo Scola (3V VI 60) 773 0 $aGjergji, Lush$tAmore che non muore.$dGorle : Velar, stampa 2004.$z88-7135-089-8$g1$w()349428 850 $aSeMil 852 $aSeMil$W1$xVenegono$y1$m3V VI 60$j231809$B240485$CSeMilBibl$Z2$F240485 $81 941 1 $a6 961 $aOmaggio card. Angelo Scola 996 $6245$a1$9(OLS)http://semarc/title/46247 996 $6264$aGorle :$bVelar$9(OLS)http://semarc/publisher/33489 LEADER 01062nam a2200241 4500 001 000000339664 003 CaOOAMICUS 005 20200303121810.0 008 200303s2019 it 000 u ita r 020 $a978-88-922-1822-2 040 $aSeMil$bita 245 10$aAtti degli apostoli /$cversione, introduzione e note di Carlo Maria Martini. 264 1$aCinisello Balsamo :$bSan Paolo,$c2019. 300 $a306 p. ;$c21 cm 650 4$aBibbia - NT - Atti degli Apostoli.$0(OLS)http://semarc/subject/2882 700 1 $aMartini, Carlo Maria,$c.$0(OLS)http://semarc/name/89159 830 0$aParola di Dio. 2. serie ;$v208.$0(OLS)http://semarc/title/5940 850 $aSeMil 852 $aSeMil$W1$xVenegono$y1$m2F II 650$j219030$B230835$CSeMilBibl$Z2$F230835 $81 996 $6020$a978-88-922-1822-2$9(OLS)http://semarc/number/290072 996 $6245$aAtti degli apostoli$9(OLS)http://semarc/title/41332 996 $6264$aCinisello Balsamo :$bSan Paolo$9(OLS)http://semarc/publisher/30129 LEADER 01014nam a2200217 4500 001 000000341751 003 CaOOAMICUS 005 20200826102555.0 008 200826s1874 it a 000 u ita r 040 $aSeMil$bita 245 00$a1: Catalogo descrittivo dei mammiferi osservati fino ad ora in Italia /$ccompilato dal prof. Emilio Cornalia. 264 1$aMilano [etc.] :$bFrancesco Vallardi,$c1874. 300 $a79 p. ;$c29 cm 650 4$aMammiferi.$0(OLS)http://semarc/subject/37771 700 1 $aCornalia, Emilio,$d<1824-1882>.$0(OLS)http://semarc/name/92988 773 0 $tFauna d'Italia.$dMilano [etc.] : Francesco Vallardi, 1872-1874.$g1$w()341750 850 $aSeMil 852 $aSeMil$W1$xVenegono$y1$m3XE V 9 FA$j221149$B232776$CSeMilBibl$Z2$F232776 $8I 996 $6245$a1: Catalogo descrittivo dei mammiferi osservati fino ad ora in Italia$9(OLS)http://semarc/title/430657 996 $6264$aMilano [etc.] :$bFrancesco Vallardi$9(OLS)http://semarc/publisher/36386 LEADER 00946nas a2200229 i 4500 001 000000224981 003 CaOOAMICUS 005 20131203000000.0 008 131115b2013 it uu u0 0ita r 013 $a203879 040 $aSeMil$bita 245 12$aI diritti dei bambini :$bin famiglia la prima tutela. 260 $aAlba (CN) :$bPeriodici San Paolo,$c2013. 300 $a121 p. :$bill., grafici, tabelle ;$c24 cm. 500 $aTitolo principale dalla copertina. 773 0 $tFamiglia Oggi.$dAlba (CN) : Periodici San Paolo, 1983-2015.$w()23806 774 0 $t[vedi periodico].$w()280147 850 $aSeMil 852 $aSeMil$W1$xVenegono$y1$m99 4 36/6$j175327$B175327$CSeMilBibl$Z2$F186170 $85 961 $aAbbonamento: Centro Editoriale Dehoniano 996 $6245$aI diritti dei bambini :$bin famiglia la prima tutela$9(OLS)http://semarc/title/322346 996 $6260$aAlba (CN) :$bPeriodici San Paolo$9(OLS)http://semarc/publisher/30721 LEADER 00831nam a2200205 i 4500 001 000000031396 003 CaOOAMICUS 005 20221021153327.0 008 180830n1962 it u000 u ita u 040 $aSeMil$bita 245 00$aAtti dell'Istituto Gramsci. 260 $aRoma :$bEditori Riuniti,$c[1962] 300 $av. ;$c23 cm. 650 4$aIstituto Gramsci - Atti di convegni.$0(OLS)http://semarc/subject/5036 710 2 $aIstituto Antonio Gramsci.$0(OLS)http://semarc/name/262 774 0 $tTendenze del capitalismo italiano.$dRoma : Editori Riuniti, 1962.$w()31395 774 0 $tMorale e società.$kNuova biblioteca di cultura$w()241039 996 $6245$aAtti dell'Istituto Gramsci$9(OLS)http://semarc/title/42683 996 $6260$aRoma :$bEditori Riuniti$9(OLS)http://semarc/publisher/30240 LEADER 00796nam a2200193 i 4500 001 000000195157 003 CaOOAMICUS 005 20230710124316.0 008 101221n it u000 u ita u 040 $aSeMil$bita 245 10$a4: La svolta fatale /$ctraduzione di Arturo Barone. 300 $a1077 p., [32] p. di tav. :$bill., ritr., c. geogr. ;$c24 cm. 700 1 $aBarone, Arturo.$0(OLS)http://semarc/name/70823 773 0 $aChurchill, Winston <1874-1965>$tSeconda Guerra Mondiale.$dMilano : Mondadori, 1961.$g4$w()23975 850 $aSeMil 852 $aSeMil$W1$xVenegono$y1$m3V V 235$j242142$B145726$CSeMilBibl$Z2$F158342 $81 961 $aOmaggio: Grampa dott. Cesare 996 $6245$a4: La svolta fatale$9(OLS)http://semarc/title/281487 LEADER 00808nam a2200217 i 4500 001 000000189574 003 CaOOAMICUS 005 20100512000000.0 008 100512s1963 it u000 u ita u 013 $a167848 040 $aSeMil$bita 100 1 $aGiordani, Igino,$d <1894-1980>.$0(OLS)http://semarc/name/799 245 10$aMaddalena di Canossa /$cIgino Giordani. 250 $a5. ed. 260 $aRoma :$bCittà Nuova,$c1963. 300 $a259 p., [6] p. di tav. 22 cm. 650 4$aMaddalena : di Canossa .$0(OLS)http://semarc/subject/7092 850 $aSeMil 852 $aSeMil$W1$xVenegono$y1$m3H III 279$j140205$B140205$CSeMilBibl$Z2$F151821 $81 996 $6245$aMaddalena di Canossa$9(OLS)http://semarc/title/272944 996 $6260$aRoma :$bCittà Nuova$9(OLS)http://semarc/publisher/29609 LEADER 00955nam a2200217 i 4500 001 000000089316 003 CaOOAMICUS 005 20140408000000.0 008 140408s1998 it u000 u ita u 013 $a61557 020 $a88-10-21101-4 040 $aSeMil$bita 245 10$aDalla creazione alla terra promessa. 300 $a388 p. 490 0 $aLettura pastorale della bibbia. Sez. Bibbia e spiritualità ;$v3 773 0 $aRossi de Gasperis, Francesco $tPrendi il libro e mangia!.$dBologna : EDB, 1998.$kLettura pastorale della bibbia. Bibbia e spiritualità$g1$w()7142 830 0$aLettura pastorale della bibbia. Bibbia e spiritualità ;$v3.$0(OLS)http://semarc/title/12149 850 $aSeMil 852 $aSeMil$W1$xVenegono$y1$m2V VII 53$j252209$B52458$CSeMilBibl$Z2$F56916 $81 996 $6020$a88-10-21101-4$9(OLS)http://semarc/number/69287 996 $6245$aDalla creazione alla terra promessa$9(OLS)http://semarc/title/135252